[Event "Mistrzostwa Polski Mlodzikow do lat 10 - Chlopcy"]
[Site "Karpacz"]
[Date "1899-12-30"]
[Round "1.1"]
[White "Kusiak, Mateusz"]
[Black "Fiszer, Bartosz"]
[Result "0-1"]
[WhiteTitle "II"]
[BlackTitle "CM"]
[WhiteElo "1221"]
[BlackElo "1651"]

1. f4 c5 2. b3 Nc6 3. Bb2 d5 4. Nf3 Nf6 5. e3 e6 6. Bd3 Bd6 7. O-O Qb6 8. Qe1 c4
9. Bxf6 gxf6 10. bxc4 dxc4 11. Bxc4 Qb2 12. Nc3 Qxc2 13. Bb5 Bd7 14. Nh4 a6 15.
Ba4 Qd3 16. Bd1 h5 17. Be2 Qh7 18. Qb1 Qxb1 19. Raxb1 b5 20. f5 Rh6 21. Ne4 Ke7
22. Nxd6 Kxd6 23. Bd3 Rg8 24. g3 Rg4 25. a3 Ra4 26. Ra1 Ne5 27. Bc2 Rc4 28. Bb3
Rg4 29. Bd1 Rg5 30. e4 Bc6 31. Re1 Rh8 32. Ra2 Rd8 33. d4 Nc4 34. Nf3 Rgg8 35.
Nh4 Ke7 36. d5 Be8 37. Bxh5 exd5 38. exd5+ Kd6 39. Ng2 Rg5 40. g4 Ne5 41. h4 Rg7
42. Re3 Rc8 43. Re4 Kxd5 44. Rb4 Rc1+ 45. Kh2 Bc6 46. Rbb2 Kd6 47. Rb4 a5 48.
Rf4 Kc5 49. g5 fxg5 50. f6 Rh7 51. Rf5 Kd6 52. Rxg5 Bf3 53. Rxe5 Kxe5 54. Bxf3
Kxf6 55. Be2 Rc5 56. Rb2 Ke5 57. Bxb5 Kd4 58. a4 f5 59. Rd2+ Ke5 60. Re2+ Kf6
61. Rf2 Rc3 62. Rf4 Rg7 63. Rf1 Ke5 64. Re1+ Kd6 65. Re2 Re7 66. Rd2+ Kc5 67.
Rf2 Rf7 68. Rf4 Rf6 69. h5 Kd6 70. Rd4+ Ke5 71. Rf4 Rc2 72. Rf1 f4 73. Re1+ Kd6
74. Kg1 f3 75. Rd1+ Kc5 76. Rd5+ Kb6 77. Ne3 Rc8 78. Nc4+ Ka7 79. Rd7+ Kb8 80.
Nxa5 f2+ 81. Kf1 Rc1+ 82. Kg2 Rg1+ 83. Kh2 Rg5 84. Rd8+ Kc7 85. Rd7+ Kc8 86. Rd1
Rxh5+ 87. Kg2 Rg5+ 88. Kf1 Rg1+ 89. Ke2 Re6+ 90. Kxf2 Rxd1 91. Nc6 Rd7 92. Kf3
Rf7+ 93. Kg4 Rg6+ 94. Kh5 Rg1 95. Kh6 Rf6+ 96. Kh7 Rf2 97. Ne7+ Kd8 98. Ng6 Rg3
99. Bc6 Rg4 100. a5 Rf6 101. Ne5 Rg5 102. a6 Rxe5 103. Kg7 Rxc6 104. a7 Re7+ 105.
Kg8 Rxa7 106. Kf8 Re7 107. Kg8 Kd7 108. Kh8 Rc8# 0-1

[Event "Mistrzostwa Polski Mlodzikow do lat 10 - Chlopcy"]
[Site "Karpacz"]
[Date "1899-12-30"]
[Round "1.2"]
[White "Meers, Hubert"]
[Black "Zalega, Maciej"]
[Result "1-0"]
[WhiteTitle "I"]
[BlackTitle "II"]
[WhiteElo "1555"]
[BlackElo "1215"]

1. e4 d6 2. d4 Nf6 3. Nc3 g6 4. f4 Bg7 5. Nf3 O-O 6. Bd3 Bg4 7. O-O Nbd7 8. e5
dxe5 9. fxe5 Ne8 10. h3 Bxf3 11. Qxf3 c6 12. Ne4 Qb6 13. Be3 f5 14. Bc4+ Kh8 15.
Ng5 h6 16. Ne6 Rf7 17. Nf4 Kg8 18. Bxf7+ Kxf7 19. e6+ Kg8 20. exd7 Nf6 21. Nxg6
Nxd7 22. Nxe7+ Kf7 23. Nxf5 1-0

[Event "Mistrzostwa Polski Mlodzikow do lat 10 - Chlopcy"]
[Site "Karpacz"]
[Date "1899-12-30"]
[Round "1.3"]
[White "Jaskiewicz, Kacper"]
[Black "Madej, Marek"]
[Result "0-1"]
[WhiteTitle "II"]
[BlackTitle "II+"]
[WhiteElo "1213"]
[BlackElo "1541"]

1. d4 d5 2. c4 e6 3. Nc3 Bb4 4. e3 Nf6 5. Nf3 O-O 6. Bd2 c5 7. a3 Bxc3 8. Bxc3
b6 9. Bd3 Nc6 10. Qc2 h6 11. Rd1 cxd4 12. Nxd4 Nxd4 13. Bxd4 Bb7 14. O-O Rc8 15.
Qe2 Qe7 16. Bc3 Rfd8 17. Rd2 Ba6 18. cxd5 Bxd3 19. Bxf6 Bxe2 20. Bxe7 Bxf1 21.
Bxd8 Bb5 22. f3 Rxd8 23. e4 Kf8 24. Kf2 Ke7 25. Ke3 exd5 26. Rxd5 Rxd5 27. exd5
Kd6 28. Kd4 Bf1 29. g4 Be2 30. Ke4 g6 31. h4 f5+ 32. Ke3 Bc4 33. Kf4 fxg4 34.
fxg4 Kxd5 35. h5 gxh5 36. gxh5 Be2 37. Ke3 Bxh5 38. b3 Bd1 39. b4 h5 40. Kf2 Kc4
41. Ke1 h4 42. Kf2 Kb3 43. b5 Kxa3 44. Kg2 Be2 45. Kh3 Bxb5 46. Kxh4 Bd7 47. Kg3
b5 48. Kf2 b4 49. Ke2 b3 50. Kd2 b2 51. Ke3 b1=Q 52. Kf3 Qe1 53. Kf4 Qe2 54. Kg3
Qe3+ 55. Kh4 Qg1 56. Kh5 Be8+ 57. Kh4 Bf7 58. Kh3 Be6+ 59. Kh4 Qg4# 0-1

[Event "Mistrzostwa Polski Mlodzikow do lat 10 - Chlopcy"]
[Site "Karpacz"]
[Date "1899-12-30"]
[Round "1.4"]
[White "Karwacki, Piotr"]
[Black "Michno, Mateusz"]
[Result "1-0"]
[WhiteTitle "II+"]
[BlackTitle "III"]
[WhiteElo "1536"]
[BlackElo "1213"]

1. e4 e5 2. Nf3 Nc6 3. Bc4 Bc5 4. O-O Nf6 5. d3 d6 6. c3 a6 7. Bb3 O-O 8. Nbd2
Bg4 9. h3 Bh5 10. Re1 Re8 11. Nf1 h6 12. Ng3 Bg6 13. a4 Qd7 14. Nh4 Bh7 15. Nhf5
Bg6 16. Qf3 Qd8 17. Ba2 Kh7 18. h4 Kg8 19. b4 Ba7 20. h5 Bh7 21. Bxh6 gxh6 22.
Nxh6+ Kf8 23. Nxf7 Qe7 24. Ng5 Bg8 25. Nf5 Qd8 26. Bxg8 Kxg8 27. Qg3 Kf8 28. Nh7+
Kf7 29. Qg7+ Ke6 30. Ng5# 1-0

[Event "Mistrzostwa Polski Mlodzikow do lat 10 - Chlopcy"]
[Site "Karpacz"]
[Date "1899-12-30"]
[Round "1.5"]
[White "Herwy, Jakub"]
[Black "Klimkowski, Jan"]
[Result "0-1"]
[WhiteTitle "II"]
[BlackTitle "II"]
[WhiteElo "1207"]
[BlackElo "1492"]

1. e4 c5 2. c4 Nc6 3. g3 g6 4. Bg2 Bg7 5. Ne2 a6 6. Nbc3 b5 7. cxb5 axb5 8. Nxb5
Ba6 9. Nbc3 Bd3 10. Nf4 Nb4 11. Nxd3 Nxd3+ 12. Ke2 c4 13. Rf1 e6 14. h4 Ne7 15.
f4 Nc6 16. Kf3 Nd4+ 17. Kg4 Nb3 18. Rb1 Nbxc1 19. Rxc1 Nxc1 20. Qxc1 Qb6 21. e5
Rb8 22. Ne4 d5 23. exd6 f5+ 24. Kh3 fxe4 25. Qxc4 Qxd6 26. Bxe4 O-O 27. d3 Rxb2
28. Rc1 Rb4 29. Qc6 Qxc6 30. Rxc6 e5 31. fxe5 Bxe5 32. Re6 Bg7 33. g4 Kh8 34.
h5 gxh5 35. gxh5 h6 36. Ra6 Rb5 37. Kg4 Rg5+ 38. Kh4 Rf2 39. Ra8+ Bf8 40. Kh3
Kg7 41. Bg6 Rf3+ 42. Kh4 Be7 43. Ra7 Re3 44. Be4 Re2 45. Kh3 Kf6 46. a4 Bd6 0-1

[Event "Mistrzostwa Polski Mlodzikow do lat 10 - Chlopcy"]
[Site "Karpacz"]
[Date "1899-12-30"]
[Round "1.6"]
[White "Dziewonski, Dariusz"]
[Black "Krol, Jan"]
[Result "1-0"]
[WhiteTitle "II+"]
[BlackTitle "II"]
[WhiteElo "1476"]
[BlackElo "1206"]

1. e4 c5 2. Nf3 e6 3. Nc3 a6 4. d4 cxd4 5. Nxd4 Qc7 6. Bd3 b5 7. a4 b4 8. Na2 Nc6
9. Nxc6 Qxc6 10. Bd2 a5 11. c3 Ba6 12. Bxa6 Rxa6 13. Qe2 bxc3 14. Nxc3 Rb6 15.
Nb5 Bb4 16. Bxb4 axb4 17. O-O Nf6 18. Rfc1 Qb7 19. e5 Ke7 20. exf6+ gxf6 21. Rc7
Qa8 22. Qd2 Rd8 23. Qxb4+ Ke8 24. Nd6+ Rxd6 25. Qxd6 Qb8 26. b4 Qa8 27. b5 Qe4
28. b6 Qa8 29. a5 Qa6 30. h3 h6 31. Rd1 Qb5 32. b7 h5 33. a6 h4 34. a7 Qa4 35.
b8=Q Qxd1+ 36. Qxd1 f5 37. Qxd8+ Kxd8 38. Qxd7# 1-0

[Event "Mistrzostwa Polski Mlodzikow do lat 10 - Chlopcy"]
[Site "Karpacz"]
[Date "1899-12-30"]
[Round "1.7"]
[White "Sniadecki, Oskar"]
[Black "Kejna, Piotr"]
[Result "0-1"]
[WhiteTitle "III"]
[BlackTitle "CM"]
[WhiteElo "1196"]
[BlackElo "1441"]

1. d4 Nf6 2. Nf3 e6 3. Bf4 d5 4. e3 Bd6 5. Bg5 Be7 6. c4 c6 7. c5 O-O 8. Nc3 b6
9. b4 bxc5 10. bxc5 Qa5 11. Qb3 Nbd7 12. Rc1 Rb8 13. Qa4 Qxa4 14. Nxa4 h6 15.
Bf4 Rb4 16. Nc3 g5 17. Be5 Ng4 18. Bg3 Ngf6 19. Bd3 Nh5 20. Ke2 Nxg3+ 21. hxg3
Kg7 22. Rh2 f6 23. Rch1 Rh8 24. Nd2 e5 25. dxe5 fxe5 26. Bf5 Bxc5 27. f4 exf4
28. gxf4 gxf4 29. exf4 Rxf4 30. g4 Ba6+ 31. Kd1 Nf6 32. Be6 Bb4 33. Ncb1 Bxd2
34. Nxd2 Ne4 35. Nxe4 Rxe4 36. Bd7 Rd4+ 37. Kc2 Rc4+ 38. Kd1 Rb8 39. Rxh6 Rb1+
40. Kd2 Rxh1 41. Rxh1 Bb5 42. Bf5 Ra4 43. Bb1 a6 44. g5 Rg4 45. Rh7+ Kg8 46. g6
d4 47. a3 Rg2+ 48. Kc1 d3 49. Rd7 Rg1+ 50. Kb2 Rxg6 51. Bxd3 Rg2+ 52. Kc3 Rg3
53. Kc2 Kf8 54. Bxb5 axb5 55. Kb2 Ke8 56. Rd6 Rg2+ 57. Kc3 Rg1 58. Kb4 Rc1 59.
a4 Ke7 60. Rd3 Rc4+ 61. Kb3 Rxa4 62. Kc3 Ra3+ 63. Kb4 Ra4+ 64. Kc3 0-1

[Event "Mistrzostwa Polski Mlodzikow do lat 10 - Chlopcy"]
[Site "Karpacz"]
[Date "1899-12-30"]
[Round "1.8"]
[White "Wierzbicki, Dawid"]
[Black "Sowinski, Pawel"]
[Result "1-0"]
[WhiteTitle "II"]
[BlackTitle "III"]
[WhiteElo "1441"]
[BlackElo "1192"]

1. e4 c5 2. Nc3 Nc6 3. g3 g6 4. Bg2 Bg7 5. d3 e6 6. Be3 d6 7. Qd2 Bd7 8. Nge2 Rb8
9. f4 Nge7 10. O-O O-O 11. Nd1 f5 12. c3 b5 13. a3 Na5 14. Qc2 Nac6 15. Nf2 a5
16. Rab1 b4 17. Nh3 b3 18. Qd2 Qb6 19. Ng5 h6 20. Nf3 e5 21. fxe5 g5 22. exd6
Nc8 23. d4 cxd4 24. Nexd4 Nxd4 25. Bxd4 Bxd4+ 26. Nxd4 Qxd6 27. Rbd1 Qc5 28. Kh1
Ne7 29. Qd3 Rfd8 30. Qb1 fxe4 31. Qxe4 Re8 32. Nxb3 Rxb3 33. Rxd7 Rb6 34. Re1
Kf8 35. b4 Qc6 36. Rxe7 Qxe4 37. R7xe4 Rxe4 38. Rxe4 axb4 39. cxb4 Rd6 40. Re1
Ra6 41. Ra1 Rd6 42. a4 1-0

[Event "Mistrzostwa Polski Mlodzikow do lat 10 - Chlopcy"]
[Site "Karpacz"]
[Date "1899-12-30"]
[Round "1.9"]
[White "Wydmanski, Szymon"]
[Black "Wielgus, Wojciech"]
[Result "1-0"]
[WhiteTitle "II"]
[BlackTitle "II"]
[WhiteElo "1181"]
[BlackElo "1440"]

1. e4 e5 2. Nf3 Nc6 3. Bc4 Nf6 4. d3 Be7 5. c3 O-O 6. O-O d6 7. Bb3 Bg4 8. Nbd2
Qd7 9. Re1 Rad8 10. Nf1 Rfe8 11. Ng3 a6 12. h3 Bxf3 13. Qxf3 Rf8 14. Nf5 Kh8 15.
a3 a5 16. Ba2 a4 17. Rb1 Na5 18. b4 axb3 19. Bxb3 Nxb3 20. Rxb3 b6 21. Bg5 Ra8
22. d4 exd4 23. cxd4 Ng8 24. Qg4 Bxg5 25. Qxg5 g6 26. Ne3 f6 27. Qf4 Ra4 28. Rd1
Rfa8 29. Nd5 Qf7 30. Rc1 R4a7 31. Rbc3 c5 32. dxc5 bxc5 33. Qxd6 Rxa3 34. Rxa3
Rxa3 35. Rxc5 Ra1+ 36. Kh2 Rd1 37. Rc7 Qe8 38. Nxf6 1-0

[Event "Mistrzostwa Polski Mlodzikow do lat 10 - Chlopcy"]
[Site "Karpacz"]
[Date "1899-12-30"]
[Round "1.10"]
[White "Pancewicz, Szymon"]
[Black "Kubaszewski, Piotr"]
[Result "1-0"]
[WhiteTitle "II"]
[BlackTitle "II"]
[WhiteElo "1421"]
[BlackElo "1180"]

1. e4 c5 2. Nf3 d6 3. d4 cxd4 4. Nxd4 e5 5. Nb5 a6 6. N5c3 Nf6 7. Bg5 Nbd7 8. Nd5
Be7 9. Nxe7 Qxe7 10. Nc3 O-O 11. Bc4 Nb6 12. Bb3 Rd8 13. O-O Be6 14. Bd5 Bxd5
15. Bxf6 Qxf6 16. Nxd5 Nxd5 17. Qxd5 Rab8 18. Rad1 Rd7 19. Rd3 Rc8 20. c4 Qe7
21. Rfd1 Rc6 22. c5 Qf6 23. cxd6 Qf4 24. g3 Qf6 25. Rc3 Rxc3 26. bxc3 Qe6 27.
Qxe6 fxe6 28. f4 exf4 29. gxf4 Kf7 30. e5 Kg6 31. Kf2 Kf5 32. Kf3 h6 33. h4 Kg6
34. Kg4 Kf7 35. h5 g6 36. c4 gxh5+ 37. Kxh5 Kg7 38. Rg1+ Kh7 39. Rg6 Rf7 40. Rxh6+
Kg8 41. Rxe6 Rxf4 42. d7 Kf7 43. Rf6+ Rxf6 44. exf6 Kxf6 45. d8=Q+ Ke5 46. Kg4
Ke6 47. Kf4 Kf7 48. Qd6 Kg7 49. Kg5 Kf7 50. Qd7+ Kf8 51. Kg6 Kg8 52. Qg7# 1-0

[Event "Mistrzostwa Polski Mlodzikow do lat 10 - Chlopcy"]
[Site "Karpacz"]
[Date "1899-12-30"]
[Round "1.11"]
[White "Warchol, Kamil"]
[Black "Seemann, Jakub"]
[Result "1-0"]
[WhiteTitle "II"]
[BlackTitle "II+"]
[WhiteElo "1178"]
[BlackElo "1395"]

1. e4 e5 2. Nf3 Nc6 3. Bc4 Nf6 4. Nc3 Nxe4 5. Nxe4 d5 6. Bd3 f5 7. Ng3 e4 8. Bb5
exf3 9. Qxf3 Qd7 10. O-O Be7 11. c3 O-O 12. Re1 Bd6 13. Qxd5+ Kh8 14. Qf3 Re8
15. Rxe8+ Qxe8 16. Qe2 Qxe2 17. Nxe2 Be6 18. d4 Re8 19. Be3 Na5 20. Bxe8 1-0

[Event "Mistrzostwa Polski Mlodzikow do lat 10 - Chlopcy"]
[Site "Karpacz"]
[Date "1899-12-30"]
[Round "1.12"]
[White "Nowak, Filip"]
[Black "Zieba, Hubert"]
[Result "1/2-1/2"]
[WhiteTitle "II"]
[BlackTitle "II"]
[WhiteElo "1389"]
[BlackElo "1171"]

1. e4 c5 2. Nf3 Nc6 3. d4 cxd4 4. Nxd4 g6 5. c4 Nf6 6. Nc3 Bg7 7. Be3 Nxd4 8. Qxd4
d6 9. f3 O-O 10. Qd2 Be6 11. Be2 b6 12. O-O Rc8 13. b3 Bd7 14. Rac1 Qc7 15. Rfd1
Rfd8 16. Nd5 Nxd5 17. cxd5 Qb7 18. Bd3 Rxc1 19. Rxc1 Rc8 20. Kf2 Rxc1 21. Qxc1
Qc8 22. Qxc8+ Bxc8 23. Bb5 Kf8 24. Ke2 Be5 25. h3 f5 26. Kd3 fxe4+ 27. fxe4 Bb7
28. Kc4 Kf7 29. Bd7 Ba6+ 30. Bb5 Bb7 31. Kb4 Bg3 32. Bc4 Ke8 33. Bg5 Bf2 34. Bb5+
Kf8 35. Be2 Bc5+ 36. Kc3 Bc8 37. b4 Bf2 38. a4 Bd7 39. Kb3 Be1 40. g4 Kf7 41.
b5 Bf2 42. Kc4 Bg3 43. Bf3 Be5 44. Kd3 Bf6 45. Bf4 1/2-1/2

[Event "Mistrzostwa Polski Mlodzikow do lat 10 - Chlopcy"]
[Site "Karpacz"]
[Date "1899-12-30"]
[Round "1.13"]
[White "Rog, Bartlomiej"]
[Black "Kopaniewski, Wojciech"]
[Result "1/2-1/2"]
[WhiteTitle "III"]
[BlackTitle "II"]
[WhiteElo "1167"]
[BlackElo "1370"]

1. e4 c6 2. d4 d5 3. Nc3 dxe4 4. Nxe4 Bf5 5. Ng3 Bg6 6. Nh3 e6 7. Nf4 Nf6 8. Nxg6
hxg6 9. c3 Bd6 10. Bd3 Qc7 11. Qf3 Nbd7 12. Bg5 O-O-O 13. O-O-O Rde8 14. h3 e5
15. Bxf6 Nxf6 16. Ne4 Nxe4 17. dxe5 Rxe5 18. Bxe4 f5 19. Bd3 Rhe8 20. Kb1 Bc5
21. g4 Qf7 22. Rhg1 f4 23. g5 Kc7 24. Rg4 Re1 25. Bc2 Rxd1+ 26. Bxd1 Qf5+ 27.
Kc1 Bd6 28. Rg1 Re5 29. Bc2 Qe6 30. Bb3 Qe7 31. h4 Re1+ 32. Rxe1 Qxe1+ 33. Bd1
Kd7 34. Qe2 Qxe2 35. Bxe2 Bc5 36. f3 Bf2 37. Bd3 Bxh4 38. Bxg6 Bxg5 39. Kd2 Kd6
40. Kd3 Ke5 41. b3 b6 42. c4 Be7 43. Be4 Kd6 44. Bf5 Kc5 45. a4 Kb4 46. Kc2 b5
47. axb5 cxb5 48. cxb5 Kxb5 49. Bd3+ Kc5 50. Bg6 Kd4 51. Bh5 g5 52. Bg4 Bd8 53.
Bh5 Ke3 54. Bg4 Kf2 55. b4 a6 56. Kd3 Be7 57. Kc4 Bd8 58. Kc5 Ke3 59. Kc6 a5 60.
bxa5 Bxa5 61. Kd6 Kf2 62. Ke5 Kg3 63. Kf5 Bd8 64. Kg6 Kh4 65. Kh6 Be7 66. Kg6
1/2-1/2

[Event "Mistrzostwa Polski Mlodzikow do lat 10 - Chlopcy"]
[Site "Karpacz"]
[Date "1899-12-30"]
[Round "1.14"]
[White "Paszkowski, Krystian"]
[Black "Klisowski, Bartosz"]
[Result "1/2-1/2"]
[WhiteTitle "II"]
[BlackTitle "II"]
[WhiteElo "1365"]
[BlackElo "1166"]

1. d4 d5 2. c4 c6 3. Nf3 Bf5 4. e3 Nf6 5. Bd3 Bxd3 6. Qxd3 e6 7. O-O Nbd7 8. Nc3
Bb4 9. Bd2 Nb6 10. b3 dxc4 11. bxc4 O-O 12. Rab1 Bxc3 13. Bxc3 Rb8 14. Ba5 c5
15. Qb3 Qd6 16. dxc5 Qxc5 17. Bb4 Qxc4 18. Bxf8 Qxb3 19. Rxb3 Kxf8 20. Rd1 Ke7
21. Kf1 Nbd5 22. Ne5 Nb6 23. f3 Ne8 24. a4 f6 25. a5 fxe5 26. axb6 a6 27. Rbd3
Nf6 28. e4 Rc8 29. Ke2 Rc6 30. Rb1 Rc2+ 31. Rd2 Rc6 32. Kd1 Nd7 33. Rc1 Rxc1+
34. Kxc1 Nc5 35. Rc2 Kd6 36. Kd2 Kc6 37. Rb2 Na4 38. Rb4 Nxb6 39. Kc3 a5 40. Rb1
Kc5 41. Kb3 Nc4 42. Ka4 b6 43. Rb5+ Kd4 44. Rb3 Kc5 45. Rb5+ Kd4 46. Rb3 Kc5 47.
Rb5+ 1/2-1/2

[Event "Mistrzostwa Polski Mlodzikow do lat 10 - Chlopcy"]
[Site "Karpacz"]
[Date "1899-12-30"]
[Round "1.15"]
[White "Jaworski, Tymon"]
[Black "Borowik, Wojciech"]
[Result "0-1"]
[WhiteTitle "II"]
[BlackTitle "II"]
[WhiteElo "1166"]
[BlackElo "1361"]

1. e4 c6 2. d4 d5 3. e5 Bf5 4. Nd2 e6 5. Nb3 Nd7 6. Nf3 h6 7. Be2 Bb4+ 8. Bd2 Bxd2+
9. Qxd2 Ne7 10. Rc1 O-O 11. O-O a5 12. a4 Qc7 13. Qe3 Qb6 14. Qc3 Rfc8 15. Qd2
Qc7 16. c4 dxc4 17. Bxc4 Be4 18. Qe2 Bd5 19. Nfd2 Qb6 20. Qd3 Qb4 21. Ra1 Nb6
22. Bxd5 Nexd5 23. Nc5 Ra7 24. Rfc1 Nf4 25. Qe3 Nbd5 26. Nd3 Nxe3 27. Nxb4 Ne2+
28. Kh1 Nxc1 29. fxe3 axb4 30. Rxc1 Rxa4 31. Nc4 Rca8 32. Nd6 Ra1 33. Rg1 Rxg1+
34. Kxg1 b5 35. Ne4 Ra1+ 36. Kf2 Ra2 37. Ke2 Rxb2+ 38. Nd2 Kf8 39. Kd3 Ke7 40.
e4 Kd7 41. g3 Kc7 42. Nf3 Rb3+ 43. Ke2 Rxf3 44. Kxf3 b3 45. Ke2 b2 46. Kd2 b1=Q
47. d5 cxd5 48. exd5 exd5 49. e6 fxe6 50. h4 Kd6 51. g4 Ke5 52. g5 hxg5 53. hxg5
Ke4 54. g6 Qb2+ 55. Ke1 Ke3 56. Kf1 Qf2# 0-1

[Event "Mistrzostwa Polski Mlodzikow do lat 10 - Chlopcy"]
[Site "Karpacz"]
[Date "1899-12-30"]
[Round "1.16"]
[White "Malinowski, Szymon"]
[Black "Wolski, Michal"]
[Result "1-0"]
[WhiteTitle "II+"]
[BlackTitle "II"]
[WhiteElo "1360"]
[BlackElo "1165"]

1. d4 Nf6 2. c4 c5 3. d5 b5 4. Bg5 d6 5. Bxf6 gxf6 6. e4 Bg7 7. Qc2 Qa5+ 8. Nd2
Bd7 9. cxb5 Bxb5 10. Bxb5+ Qxb5 11. Qb3 Qxb3 12. Nxb3 f5 13. exf5 Bxb2 14. Rb1
Bc3+ 15. Ke2 Rg8 16. Kf3 Nd7 17. Ne2 Bf6 18. g3 Ne5+ 19. Kg2 a5 20. Nf4 Rg5 21.
Nd2 Rxf5 22. Ne4 Bg5 23. Nh5 Bh6 24. Nf4 Bxf4 25. gxf4 Rxf4 26. Rhe1 c4 27. Nc3
Rf3 28. Nb5 Rc8 29. Rxe5 dxe5 30. Kxf3 c3 31. Rc1 c2 32. Ke2 Rc4 33. Kd2 Rh4 34.
Rxc2 Rxh2 35. Ke3 Rg2 36. d6 exd6 37. Nxd6+ Ke7 38. Nf5+ Kf6 39. Ng3 Kg5 40. Rc5
f6 41. Rxa5 h5 42. Ra8 h4 43. Rg8+ Kh6 44. Nf5+ Kh5 45. Rxg2 h3 46. Rh2 Kg4 1-0

[Event "Mistrzostwa Polski Mlodzikow do lat 10 - Chlopcy"]
[Site "Karpacz"]
[Date "1899-12-30"]
[Round "1.17"]
[White "Filipiak, Adam"]
[Black "Adamala, Jacek"]
[Result "0-1"]
[WhiteTitle "III"]
[BlackTitle "II"]
[WhiteElo "1160"]
[BlackElo "1360"]

1. d4 Nf6 2. c3 c5 3. Bg5 cxd4 4. cxd4 Nc6 5. Bxf6 exf6 6. e3 Bb4+ 7. Nc3 d5 8.
Bd3 O-O 9. Nf3 Re8 10. O-O Bg4 11. h3 Bxf3 12. Qxf3 Bxc3 13. bxc3 Rc8 14. Bf5
Rc7 15. Rac1 g6 16. Bd3 f5 17. c4 Nb4 18. Bb1 Rxc4 19. Rxc4 dxc4 20. Qxb7 Qb8
21. Qxb8 Rxb8 22. a3 Nd5 23. Ba2 Rc8 24. Rc1 Nb6 25. Kf1 a5 26. Ke2 f4 27. g3
fxe3 28. fxe3 f5 29. g4 fxg4 30. hxg4 h5 31. gxh5 gxh5 32. e4 Re8 33. e5 Rc8 34.
Ke3 Kf8 35. Ke4 h4 36. d5 h3 37. d6 c3 38. d7 Nxd7 39. Be6 Nc5+ 40. Kd5 Nxe6 41.
Kxe6 h2 42. Rf1+ Ke8 43. Rh1 c2 44. Rxh2 Rc6+ 45. Rh8# Rc8 46. Rh1 Rc6+ 0-1

[Event "Mistrzostwa Polski Mlodzikow do lat 10 - Chlopcy"]
[Site "Karpacz"]
[Date "1899-12-30"]
[Round "1.18"]
[White "Grot, Blazej"]
[Black "Jendrowiak, Maciej"]
[Result "1-0"]
[WhiteTitle "II"]
[BlackTitle "III"]
[WhiteElo "1341"]
[BlackElo "1143"]

1. e4 e5 2. Nf3 Nc6 3. Bb5 Bc5 4. c3 Nf6 5. O-O d6 6. d4 exd4 7. cxd4 Bb6 8. d5
a6 9. Ba4 Bd7 10. dxc6 Bxc6 11. Bxc6+ bxc6 12. Bg5 Qd7 13. e5 Ne4 14. Nc3 Nxg5
15. Nxg5 O-O-O 16. exd6 cxd6 17. Qb3 f6 18. Nf7 Qc7 19. Nxd8 Rxd8 20. Qe6+ Rd7
21. Na4 Ba7 22. Rac1 Bb8 23. Qc4 Kb7 24. Qb3+ Ka7 25. g3 h5 26. Rc2 h4 27. Rfc1
c5 28. Qd5 hxg3 29. fxg3 Re7 30. Nxc5 Re5 31. Qd4 Ka8 32. Nd3 Rc5 33. Nxc5 Ba7
34. Qd5+ Kb8 35. Qg8+ Qc8 36. Qxc8+ Kxc8 37. Kg2 dxc5 38. Rxc5+ Bxc5 39. Rxc5+
1-0

[Event "Mistrzostwa Polski Mlodzikow do lat 10 - Chlopcy"]
[Site "Karpacz"]
[Date "1899-12-30"]
[Round "1.19"]
[White "Bartoszczuk, Adam"]
[Black "Iwaszkiewicz, Grzegorz"]
[Result "1-0"]
[WhiteTitle "III"]
[BlackTitle "II"]
[WhiteElo "1142"]
[BlackElo "1330"]

1. e4 d5 2. exd5 Qxd5 3. Nc3 Qa5 4. d4 Nf6 5. Nf3 Bg4 6. h3 Bxf3 7. Qxf3 c6 8.
Bc4 e6 9. O-O Bd6 10. Bd2 Qc7 11. Rfe1 O-O 12. Rad1 Nbd7 13. Bd3 Nb6 14. Ne4 Nxe4
15. Qxe4 g6 16. Bh6 Rfd8 17. c4 Bf8 18. Qh4 Bxh6 19. Qxh6 Rxd4 20. Bxg6 Rxd1 21.
Bxh7+ Kh8 22. Rxd1 f5 23. Bxf5+ Kg8 24. Bxe6+ Qf7 25. Bxf7+ Kxf7 26. Qh7+ Kf6
27. Rd6+ Ke5 28. Qe7+ Kf4 29. Rf6+ Kg5 30. Qg7+ Kh5 31. Rh6# 1-0

[Event "Mistrzostwa Polski Mlodzikow do lat 10 - Chlopcy"]
[Site "Karpacz"]
[Date "1899-12-30"]
[Round "1.20"]
[White "Doskocz, Karol"]
[Black "Labedzki, Kamil"]
[Result "1-0"]
[WhiteTitle "II"]
[BlackTitle "II"]
[WhiteElo "1311"]
[BlackElo "1131"]

1. c4 c5 2. Nc3 Nf6 3. g3 e6 4. Bg2 d5 5. cxd5 exd5 6. d3 Be6 7. Bg5 Be7 8. Nf3
h6 9. Bxf6 Bxf6 10. O-O O-O 11. Rc1 Nd7 12. a3 Qe7 13. Qc2 Rfc8 14. Rfd1 d4 15.
Ne4 Rab8 16. a4 a6 17. Nfd2 b5 18. axb5 Rxb5 19. Ra1 Rcb8 20. Rdb1 R8b6 21. b3
Qf8 22. Nc4 Bxc4 23. bxc4 Rxb1+ 24. Rxb1 Qd8 25. Bh3 Rc6 26. Qa4 Nb8 27. Rxb8
Qxb8 28. Qxc6 Qb1+ 29. Kg2 Qb2 30. Qe8+ Kh7 31. Bf5+ g6 32. Qxf7+ Kh8 33. Nxf6
gxf5 34. Qg8# 1-0

[Event "Mistrzostwa Polski Mlodzikow do lat 10 - Chlopcy"]
[Site "Karpacz"]
[Date "1899-12-30"]
[Round "1.21"]
[White "Janeczko, Jakub"]
[Black "Demski, Michal"]
[Result "0-1"]
[WhiteTitle "II"]
[BlackTitle "II"]
[WhiteElo "1128"]
[BlackElo "1305"]

1. e4 e5 2. Nf3 Nc6 3. d4 exd4 4. Nxd4 Bc5 5. Be3 Qf6 6. c3 Nge7 7. Bc4 d6 8. O-O
O-O 9. Qd2 Ne5 10. Bb3 Qg6 11. Bc2 Bxd4 12. f4 Bxe3+ 13. Qxe3 Ng4 14. Qg3 f5 15.
Bb3+ Kh8 16. Qh4 Qh6 17. Qxh6 Nxh6 18. exf5 Bxf5 19. Re1 Rae8 20. Nd2 Nc6 21.
h3 Rxe1+ 22. Rxe1 Bd7 23. Rf1 Re8 24. g4 Re3 25. Nf3 Na5 26. Bc2 Nf7 27. Kf2 Bb5
28. Kxe3 Bxf1 29. b4 Nc4+ 30. Kd4 d5 31. h4 c6 32. h5 Nfd6 33. Ng5 b6 34. Bxh7
Nb5# 0-1

[Event "Mistrzostwa Polski Mlodzikow do lat 10 - Chlopcy"]
[Site "Karpacz"]
[Date "1899-12-30"]
[Round "1.22"]
[White "Trzebinski, Patryk"]
[Black "Ratajczak, Marcin"]
[Result "1-0"]
[WhiteTitle "II"]
[BlackTitle "III"]
[WhiteElo "1293"]
[BlackElo "1122"]

1. e4 e5 2. Nf3 Nc6 3. d4 exd4 4. Bc4 h6 5. O-O Bc5 6. c3 dxc3 7. Nxc3 d6 8. Bf4
Bg4 9. Be3 Bxe3 10. fxe3 Nf6 11. Qb3 O-O 12. Nh4 Bh5 13. Nf5 Na5 14. Qa4 Nxc4
15. Qxc4 a6 16. Qd4 Ne8 17. Nd5 c5 18. Qc3 b5 19. h3 b4 20. Qe1 Qg5 21. Nfe7+
Kh8 22. Rf5 c4 23. Rxg5 hxg5 24. Qf1 b3 25. g4 bxa2 26. gxh5 c3 27. Ng6+ Kg8 28.
Nde7+ Kh7 29. Nxf8+ Kh8 30. Qxf7 Nf6 31. Qg8+ Nxg8 32. Neg6# 1-0

[Event "Mistrzostwa Polski Mlodzikow do lat 10 - Chlopcy"]
[Site "Karpacz"]
[Date "1899-12-30"]
[Round "1.23"]
[White "Maciejek, Marcel"]
[Black "Krawczyk, Flawian"]
[Result "0-1"]
[WhiteTitle "II"]
[BlackTitle "II"]
[WhiteElo "1104"]
[BlackElo "1292"]

1. e4 e6 2. d4 d5 3. Nd2 Nf6 4. e5 Nfd7 5. Bd3 c5 6. c3 Nc6 7. Ne2 cxd4 8. cxd4
f6 9. exf6 Nxf6 10. O-O Bd6 11. Nf3 O-O 12. Bf4 Qc7 13. Bxd6 Qxd6 14. h3 Bd7 15.
Bc2 Rac8 16. Ng3 Be8 17. Qb1 Nb4 18. Rc1 Nxc2 19. Rxc2 Bg6 20. Ne1 Rxc2 21. Nxc2
Rc8 22. Qe1 Rxc2 23. h4 Rxb2 24. Qc1 Rc2 25. Qd1 Rc8 26. h5 Be4 27. Qd2 Rf8 28.
Qg5 h6 29. Qd2 Ng4 30. Qe1 Rxf2 31. Qc3 Rxg2+ 32. Kf1 Qf4+ 33. Ke1 Qf2+ 0-1

[Event "Mistrzostwa Polski Mlodzikow do lat 10 - Chlopcy"]
[Site "Karpacz"]
[Date "1899-12-30"]
[Round "1.24"]
[White "Wiszniewski, Szymon"]
[Black "Jurewicz, Igor"]
[Result "1-0"]
[WhiteTitle "II"]
[BlackTitle "III"]
[WhiteElo "1270"]
[BlackElo "1104"]

1. e4 c5 2. Nf3 d6 3. d4 cxd4 4. Nxd4 Nf6 5. Nc3 g6 6. Be3 Bg7 7. f3 a6 8. Qd2
O-O 9. O-O-O Nc6 10. h4 h5 11. Be2 Ne5 12. Bh6 b5 13. g4 hxg4 14. h5 Nxh5 15.
Rxh5 gxh5 16. Nc6 Bxh6 17. Qxh6 Nxc6 18. Qg5+ Kh7 19. Qxh5+ Kg7 20. Qg5+ Kh7 21.
Rh1# 1-0

[Event "Mistrzostwa Polski Mlodzikow do lat 10 - Chlopcy"]
[Site "Karpacz"]
[Date "1899-12-30"]
[Round "1.25"]
[White "Skrzypinski, Jan"]
[Black "Bartodziej, Bartosz"]
[Result "0-1"]
[WhiteTitle "II"]
[BlackTitle "II"]
[WhiteElo "1088"]
[BlackElo "1263"]

1. e4 c5 2. Nf3 a6 3. Nc3 g6 4. d4 cxd4 5. Nxd4 Bg7 6. Be3 d6 7. f3 Nf6 8. Qd2
O-O 9. Bc4 Nc6 10. O-O-O Ne5 11. Bb3 Nc6 12. g4 Nxd4 13. Bxd4 Bd7 14. h4 h6 15.
Be3 h5 16. gxh5 Nxh5 17. Bh6 Qb6 18. Bxg7 Kxg7 19. f4 Bg4 20. Rdg1 Bf3 21. Nd5
Qc5 22. f5 Bxh1 23. Qg5 Bxe4 24. fxg6 f6 25. Qg4 Bxd5 26. Bxd5 Qxd5 27. Rd1 Qe5
28. Kd2 Qf4+ 29. Qxf4 Nxf4 30. Rg1 Rh8 31. Ke3 Nxg6 32. Ke4 Rxh4+ 33. Kf5 Rf4+
34. Ke6 f5 35. Rg5 Re4+ 36. Kd7 f4 37. Rg4 Re1 38. Kc7 f3 39. Kxb7 f2 40. Kxa8
f1=Q 41. Ra4 Qb5 42. c4 Qb6 43. c5 Qc7 44. cxd6 exd6 45. Re4 Rxe4 46. b4 Re8#
0-1